Normal view
MARC view
Entry Personal Name
001 - CONTROL NUMBER
- control field: 160711
003 - CONTROL NUMBER IDENTIFIER
- control field: OSt
005 - DATE AND TIME OF LATEST TRANSACTION
- control field: 20220923211530.0
008 - FIXED-LENGTH DATA ELEMENTS
- fixed length control field: 220923|| aca||aabn | a|a d
040 ## - CATALOGING SOURCE
- Original cataloging agency: OSt
- Transcribing agency: OSt
100 ## - HEADING--PERSONAL NAME
- Personal name: कालिदास; बाजपेयी, बुद्धि शर्मा, अनु
670 ## - SOURCE DATA FOUND
- Source citation: Work cat.: (OSt)300501: कालिदास; बाजपेयी, बुद्धि शर्मा, अनु., मालविकाग्निमित्रम्, 2013
